| 000 | 00541cam a2200229 4500 | ||
|---|---|---|---|
| 008 | 090401t1994 xxu||||| |||| 00| 0 eng d | ||
| 020 | _a0901666777 | ||
| 035 | _a(Sirsi) u52262 | ||
| 041 | _aeng | ||
| 050 | _a347.4104 | ||
| 100 | _aJones, J.H. Emlyn | ||
| 245 | 4 | _aThe Lands Tribunal; a practitioner`s guide. | |
| 250 | _a2nd ed. | ||
| 260 |
_aLondon _bIRRV _c1994 |
||
| 300 | _a76p. ; 21cm. | ||
| 350 | _a16.68 | ||
| 650 | _aLANDS TRIBUNAL | ||
| 690 | _aLAW | ||
| 700 | _aMallett, C.R. | ||
| 942 | _n0 | ||
| 948 | _c04/03/1997 | ||
| 999 |
_c93017 _d93017 |
||